The incredible human machine [

Explore the human body - its wonder and its mystery

Bibliographic Details
Corporate Author: National Geographic
Format: Book
Published: (s.l.) : National Geographic Video , 19_.
Subjects:

MARC

LEADER 00000cam a2200000 7i4500
001 0000000107
005 20020412.0
020 |a 000000122 
090 0 0 |a 612.76   |b INC 
245 0 4 |a The incredible human machine [  |h videorecording] 
260 |a (s.l.) :   |b National Geographic Video ,   |c 19_. 
300 |a 1 videocassette VHS (60:00 min) :   |b Col.(PAL) 
520 0 |a Explore the human body - its wonder and its mystery 
650 0 0 |a Human body 
710 2 |a National Geographic 
999 |a PV0011   |b VIDEO   |c RUJUKAN   |e PERPUSTAKAAN KOMUNITI PETALING JAYA